| 000 | 00627nam a2200253Ia 4500 | ||
|---|---|---|---|
| 003 | OSt | ||
| 005 | 20221005124356.0 | ||
| 006 | a|||||r|||| 00| 0 | ||
| 007 | ta | ||
| 008 | 221004b |||||||| |||| 00| 0 hin d | ||
| 024 | _a47520 | ||
| 037 | _cTextual | ||
| 040 |
_aCRL _cCRL _bhin |
||
| 041 |
_2hin _ahin |
||
| 082 | _aO152,3M88,1, 31K4 | ||
| 100 |
_aChaturasen _9635115 |
||
| 245 | 0 | _aMudalum mutivum | |
| 260 | _c1964 | ||
| 300 |
_a274p. _ccm. |
||
| 650 | _a TAMIL LANGUAGE | ||
| 650 | _aHINDI LANGUAGE | ||
| 942 |
_hO152,3M88,1, 31K4 _cTEXL _2cc |
||
| 999 |
_c1050278 _d1050278 |
||